Southville International School and Colleges
Your cart is empty.
  • Cart
  • Lists
    Public lists Eva Luna New books Lux_list list_1
    Your lists Log in to create your own lists
  • Log in to your account
  • Your cookies
  • Search history
Southville International School and Colleges
  • Advanced search
  • Recent comments
  • Most popular
  • Libraries

Log in to your account

Log in with GOOGLE


If you do not have an external account, but do have a local account, you can still log in:

  1. Home
  2. MARC view: Porky Pig and Bugs Bunny :
Normal view MARC view ISBD view

Porky Pig and Bugs Bunny : (Record no. 103502)

[ view plain ]
MARC details
000 -LEADER
fixed length control field 00594nam a2200181 a 4500
005 - DATE AND TIME OF LATEST TRANSACTION
control field 20140412111303.0
008 - FIXED-LENGTH DATA ELEMENTS--GENERAL INFORMATION
fixed length control field 001116s19uu xx 00 eng d
050 ## - LIBRARY OF CONGRESS CALL NUMBER
Classification number ER
Item number Po75 1984
100 ## - MAIN ENTRY--PERSONAL NAME
Personal name Nathan, Stella Williams
245 ## - TITLE STATEMENT
Title Porky Pig and Bugs Bunny :
Remainder of title just like magic /
Statement of responsibility, etc by Stella Williams Nathan ; illustrated by Bob Totten and Tom McKimson.
260 ## - PUBLICATION, DISTRIBUTION, ETC. (IMPRINT)
Place of publication, distribution, etc New York :
Name of publisher, distributor, etc Golden Books,
Date of publication, distribution, etc 1976.
300 ## - PHYSICAL DESCRIPTION
Extent 1 v. (unp.) ; col. ; ill.
440 ## - SERIES STATEMENT/ADDED ENTRY--TITLE
Title A Little Golden Book
650 ## - SUBJECT ADDED ENTRY--TOPICAL TERM
Topical term or geographic name as entry element Pigs -- Stories
650 ## - SUBJECT ADDED ENTRY--TOPICAL TERM
Topical term or geographic name as entry element Rabbits -- Stories
650 ## - SUBJECT ADDED ENTRY--TOPICAL TERM
Topical term or geographic name as entry element Magic -- Fiction
Holdings
Withdrawn status Lost status Damaged status Use restrictions Home library Current library Shelving location Date acquired Source of acquisition Total Checkouts Full call number Barcode Date last seen Price effective from Koha item type
        Elizalde Library Elizalde Library Easy Reading Section 11/16/2000     ER Po75 1984 E5055 04/12/2014 04/12/2014 Books

Porky Pig and Bugs Bunny :

APA

Nathan S. W., . (1976). Porky Pig and Bugs Bunny. New York: Golden Books.

Chicago

Nathan Stella Williams, . 1976. Porky Pig and Bugs Bunny. New York: Golden Books.

Harvard

Nathan S. W., . (1976). Porky Pig and Bugs Bunny. New York: Golden Books.

MLA

Nathan Stella Williams, . Porky Pig and Bugs Bunny. New York: Golden Books. 1976.

  • Place hold
  • Print
  • Cite
  • Add to your cart (remove)
  • Save record
    BIBTEX Dublin Core MARCXML MARC (non-Unicode/MARC-8) MARC (Unicode/UTF-8) MARC (Unicode/UTF-8, Standard) MODS (XML) RIS
  • More searches
    Search for this title in:
    Other Libraries (WorldCat) Other Databases (Google Scholar) Online Stores (Bookfinder.com) Open Library (openlibrary.org)

Exporting to Dublin Core...

SOUTHVILLE LIBRARY

Southville International School and Colleges Library

1281 Tropical Ave. Cor. Luxembourg St., BF Homes International, Las Pinas City

Tel. No. 8256374 / 252358 Loc. 117/146

Powered by Koha